000 00529nam a2200181Ia 4500
005 20230329142024.0
008 230125s9999 xx 000 0 und d
041 _aeng
082 _a658.159
_bKAL
100 _aKalidas S
245 _aFinancial Institutions and Banking
260 _c2010
_bSymbiosis centre for distance learning
_aPune
300 _a428p
500 _aFinancial institutions and markets
650 _aFinancial institutions and markets
_9119819
700 _aKalidas S & Nandini Madan, Donor
942 _cDB
999 _c93614
_d93614